Statistieken voor De Zeven Dwergen

Klik hier om de quiz te nemen!

Algemene statistieken

  • Deze quiz is 468 keer genomen
  • De gemiddelde score is 4 van 7

Antwoordstatistieken

Dwerg% Correct
Grumpie
81%
Doc
72%
Bloosje
54%
Stoetel
48%
Niezel
47%
Dommel
46%
Giechel
46%

Scoreverdeling

Percentiel versus Aantal Correcte Antwoorden

Procent van Mensen met Elke Score

Uw Scoregeschiedenis

U heeft deze quiz nog niet genomen